000 00634nam a22002177a 4500
005 20260428163623.0
008 260428s2025 |||||||| |||| 001 0 eng d
020 _a9789697280070
040 _cPK-LaUMT
082 _a954.0350922
_bMAJ-J
100 1 _aMajumdar, S. K.
_911392
245 1 0 _aJinnah and Gandhi :
_btheir role in India's quest for freedom /
_cS. K. Majumdar
260 _aLahore :
_bPeace Publications,
_c2025
300 _axxiii, 302 p.
500 _aIndex present
546 _aEng
650 _aJinnah 187-1948
_911393
650 _aGandhi-1869-1948
_911394
650 _aNationalism-India
_911395
942 _cBK
999 _c140660
_d140660